Les 10 départements francais les plus peuplés - Statistiques

Statistiques générales
  • Ce quiz a été pris 117 fois
  • Le résultat moyen est 7 sur 10
Statistiques - réponses
Place Population Réponse % Correct
2 2,1 millions Paris
95%
3 2 millions Bouches-du-Rhone
83%
1 2,6 millions Nord
83%
4 1,8 millions Rhone
82%
5 1,6 millions Seine-Saint-Denis
79%
6 1,6 millions Gironde
68%
8 1,4 millions Pas-de-Calais
62%
7 1,6 millions Hauts-de-Seine
59%
9 1,4 millions Yvelines
59%
10 1,4 millions Loire-Atlantique
49%
Aucun quiz correspondant
Distribution des résultats
% des personnes avec chaque résultat
Percentile par nombre de réponses
Votre historique - résultats
Vous n’avez pas pris ce quiz